00662 2200217 4500001002100000005001500021035002000036007000300056008004100059020002200100082001100122084001700133100002000150245009200170250003500262260003600297300003600333650002700369504003200396990001600428INLIS00000000000425220260209093831 a0010-0126000067ta260209 g 0 ind  a978-602-453-462-2 a297.74 a297.74 MUH m0 aMuhammad Hendra1 aMenghidupkan Islam /cMuhammad Hendra (Penulis); Herlambang Rachmadhani ( Desain Cover) aCetakan Pertama, November 2017 aYogyakarta :bDeepublish,c2017 ax; 161 Halaman :bTeks ;c20 cm 4aPsikologi Dakwah Islam aBibliografi Halaman 157-160 a00000005917